Normal view
MARC view
Entry Personal Name
001 - CONTROL NUMBER
- control field: 40515
003 - CONTROL NUMBER IDENTIFIER
- control field: ARRUPE
005 - DATE AND TIME OF LATEST TRANSACTION
- control field: 20180313141201.0
008 - FIXED-LENGTH DATA ELEMENTS
- fixed length control field: 180313|| aca||aabn | a|a d
040 ## - CATALOGING SOURCE
- Original cataloging agency: ARRUPE
- Transcribing agency: ARRUPE
100 ## - HEADING--PERSONAL NAME
- Personal name: Small, Harold A. (ED.)
670 ## - SOURCE DATA FOUND
- Source citation: Work cat.: (ARRUPE): Greenough, Horatio 40513, Form and function, 1947